000 00534pam a2200193 a 4500
001 1199280
005 20241127121419.0
008 980724s1999 njua b 001 0 eng
020 _a0139476245
050 0 0 _aTJ260
_b.M52 1999
082 0 0 _a621.402/2
_221
100 1 _aMills, Anthony F.
245 1 0 _aHeat transfer /
_cA.F. Mills.
250 _a2nd ed.
260 _aUpper Saddle River, N.J. :
_bPrentice Hall,
_cc1999.
300 _axxii, 954 p. :
_bill. ;
_c25 cm.
650 0 _aHeat
_xTransmission.
942 _2lcc
_cBK
_e2nd ed.
_n0
999 _c1602
_d1602